[Event "RUS-ch Blitz"]
[Site "Sochi"]
[Date "2023.10.14"]
[Round "1"]
[White "Zvjaginsev, Vadim"]
[Black "Nazaretyan, Tigran"]
[Result "1-0"]
[WhiteElo "2572"]
[BlackElo "2316"]
[PlyCount "98"]
[EventDate "2023.10.14"]
[EventType "swiss (blitz)"]
[EventRounds "13"]
[EventCountry "RUS"]
[SourceTitle "Mega2024 Update 01"]
[Source "Chessbase"]
[SourceDate "2023.11.12"]
[SourceVersion "1"]
[SourceVersionDate "2023.11.12"]
[SourceQuality "1"]

1. c4 Nf6 2. Nc3 e5 3. Nf3 Nc6 4. a3 a5 5. e3 g6 6. d4 exd4 7. exd4 Bg7 8. d5 Ne7 9. d6 cxd6 10. Nb5 0-0 11. Nxd6 Ne8 12. Nxc8 Rxc8 13. Be2 d5 14. 0-0 dxc4 15. Qxd8 Rxd8 16. Bxc4 Nd6 17. Ba2 Nc6 18. Rb1 Ne4 19. Re1 Rfe8 20. Be3 h6 21. g3 Nd4 22. Nxd4 Bxd4 23. Bxd4 Rxd4 24. Rbc1 Rd7 25. Bc4 Rc7 26. Bd5 Rxc1 27. Rxc1 Nd6 28. Kf1 Re5 29. Rd1 Kg7 30. Rd4 b5 31. Bb3 Nf5 32. Rd7 Re7 33. Rxe7 Nxe7 34. Ke2 f5 35. Kd3 Nc6 36. f4 Kf6 37. Bd5 Nb8 38. Kd4 Nd7 39. Bc6 Nf8 40. Bxb5 g5 41. Bc4 Ng6 42. Ke3 Ke7 43. b4 axb4 44. axb4 Kd6 45. Bd3 Ne7 46. fxg5 hxg5 47. b5 f4+ 48. gxf4 Nd5+ 49. Kf3 Nxf4 1-0

[Event "Titled Tuesday intern op 22nd Aug Early"]
[Site "Chess.com INT"]
[Date "2023.08.22"]
[Round "5"]
[White "Gutkin, Ilya"]
[Black "Nazaretyan, Tigran"]
[Result "0-1"]
[WhiteElo "2276"]
[BlackElo "2316"]
[PlyCount "150"]
[EventDate "2023.08.22"]
[EventType "swiss (blitz)"]
[EventRounds "11"]
[EventCountry "USA"]
[SourceTitle "EXT 2024"]
[Source "ChessBase"]
[SourceDate "2023.10.10"]
[SourceVersion "1"]
[SourceVersionDate "2023.10.10"]
[SourceQuality "1"]

1. e4 c5 2. Nf3 Nc6 3. Bb5 g6 4. 0-0 Bg7 5. c3 Nf6 6. Re1 0-0 7. h3 a6 8. Ba4 b5 9. Bc2 e5 10. a4 b4 11. d4 d6 12. Nbd2 cxd4 13. cxd4 Nxd4 14. Nxd4 exd4 15. Nb3 d5 16. e5 Ne4 17. Qxd4 Qe7 18. Bf4 Bb7 19. Na5 Rac8 20. Bxe4 dxe4 21. Nxb7 Qxb7 22. Qxe4 Qxe4 23. Rxe4 a5 24. Rd1 Rc2 25. Rd2 Rfc8 26. Red4 Bf8 27. Rd5 R2c5 28. Be3 Rxd5 29. Rxd5 Rc2 30. Rxa5 Rxb2 31. Rb5 Ra2 32. a5 h5 33. g4 hxg4 34. hxg4 Kg7 35. Kg2 Be7 36. Rb7 Kf8 37. Rb8+ Kg7 38. Rb7 Kf8 39. Rb5 Ke8 40. Kf3 Kd7 41. Ke4 Kc6 42. Rb8 Rxa5 43. Rb6+ Kd7 44. Rb7+ Ke8 45. f4 Ra8 46. Bd4 Rd8 47. f5 gxf5+ 48. gxf5 Rc8 49. f6 Bf8 50. Kd5 Rd8+ 51. Kc4 Rc8+ 52. Kd5 Rd8+ 53. Kc4 Rd7 54. Rb8+ Rd8 55. Rxd8+ Kxd8 56. Be3 Kd7 57. Kd5 b3 58. Bc1 Bb4 59. Bb2 Bd2 60. Ke4 Ke6 61. Kd3 Bf4 62. Kc4 Bxe5 63. Ba3 b2 64. Bxb2 Bxb2 65. Kd3 Bxf6 66. Ke2 Be5 67. Kf3 f5 68. Kf2 f4 69. Ke2 Kf5 70. Kf1 Ke4 71. Ke2 f3+ 72. Kf1 Ke3 73. Kg1 f2+ 74. Kf1 Bf4 75. Kg2 Ke2 0-1

[Event "Titled Tuesday intern op 22nd Aug Early"]
[Site "Chess.com INT"]
[Date "2023.08.22"]
[Round "6"]
[White "Khromkin, Andrey"]
[Black "Nazaretyan, Tigran"]
[Result "1/2-1/2"]
[WhiteElo "2191"]
[BlackElo "2316"]
[PlyCount "171"]
[EventDate "2023.08.22"]
[EventType "swiss (blitz)"]
[EventRounds "11"]
[EventCountry "USA"]
[SourceTitle "EXT 2024"]
[Source "ChessBase"]
[SourceDate "2023.10.10"]
[SourceVersion "1"]
[SourceVersionDate "2023.10.10"]
[SourceQuality "1"]

1. d4 Nf6 2. c4 c5 3. Nf3 cxd4 4. Nxd4 e5 5. Nb5 d5 6. cxd5 Bc5 7. N5c3 e4 8. g3 h5 9. Bg5 Qb6 10. e3 Qxb2 11. Bxf6 gxf6 12. Nxe4 Qxa1 13. Nxc5 Qxa2 14. Bb5+ Bd7 15. Bxd7+ Nxd7 16. Nxd7 Qa5+ 17. Nd2 Kxd7 18. 0-0 Qxd5 19. Qa4+ b5 20. Qa1 h4 21. Rd1 hxg3 22. Ne4 gxf2+ 23. Kxf2 Rxh2+ 24. Kg3 Rh5 25. Rxd5+ Rxd5 26. Nxf6+ Ke6 27. Nxd5 Rg8+ 28. Kf3 Kxd5 29. Qxa7 Ke6 30. Qb6+ Ke7 31. Qxb5 Rg6 32. Qe5+ Re6 33. Qc7+ Kf6 34. Kf4 Kg7 35. e4 Kg6 36. e5 Kg7 37. Kf5 Rh6 38. Qd8 Rh5+ 39. Kf4 Rh6 40. Kg5 Rg6+ 41. Kf5 Re6 42. Qd4 Kg8 43. Qg4+ Kf8 44. Qh5 Kg7 45. Qg5+ Rg6 46. Qe7 Rh6 47. Kg5 Rg6+ 48. Kf5 Rh6 49. Ke4 Re6 50. Qg5+ Rg6 51. Qf5 Rh6 52. Kd5 Rg6 53. Qf4 Rh6 54. Qg5+ Rg6 55. Qe7 Rh6 56. Qb4 Rg6 57. Qd4 Re6 58. Qc3 Kg8 59. Qh3 Rg6 60. Qh5 Kg7 61. Qf5 Rh6 62. Ke4 Rg6 63. Kf4 Rh6 64. Qg5+ Rg6 65. Qe7 Rh6 66. Qd7 Rg6 67. Kf5 Rh6 68. Qe7 Rh5+ 69. Ke4 Rh6 70. Kd5 Rg6 71. Qh4 Rh6 72. Qf4 Rg6 73. Qf5 Rh6 74. Qc8 Rg6 75. Qh3 Rh6 76. Qc3 Kg8 77. Qc8+ Kg7 78. Qg4+ Rg6 79. Qf4 Kg8 80. Qd4 Rh6 81. Kc5 Rg6 82. Qd8+ Kg7 83. Kd5 Re6 84. Qh4 Rg6 85. Qh3 Rh6 86. Qf5 1/2-1/2

[Event "Titled Tuesday intern op 22nd Aug Early"]
[Site "Chess.com INT"]
[Date "2023.08.22"]
[Round "8"]
[White "Kushko, Dmitriy"]
[Black "Nazaretyan, Tigran"]
[Result "1-0"]
[WhiteElo "2426"]
[BlackElo "2316"]
[PlyCount "83"]
[EventDate "2023.08.22"]
[EventType "swiss (blitz)"]
[EventRounds "11"]
[EventCountry "USA"]
[SourceTitle "EXT 2024"]
[Source "ChessBase"]
[SourceDate "2023.10.10"]
[SourceVersion "1"]
[SourceVersionDate "2023.10.10"]
[SourceQuality "1"]

1. Nf3 Nf6 2. g3 g6 3. Bg2 Bg7 4. d4 0-0 5. 0-0 d6 6. Re1 c5 7. dxc5 dxc5 8. c3 Nc6 9. Qxd8 Rxd8 10. Be3 Nd7 11. Rd1 Rb8 12. Na3 b6 13. Bf4 e5 14. Bg5 f6 15. Be3 Ba6 16. Ng5 fxg5 17. Bxc6 Nf6 18. Bxg5 Bxe2 19. Re1 Ba6 20. Rxe5 h6 21. Bxf6 Bxf6 22. Re6 Kf7 23. Rae1 Rd2 24. Bb5 Bb7 25. Nc4 Rdd8 26. Nd6+ Rxd6 27. Rxd6 g5 28. Bc4+ Kg7 29. Ree6 Bd8 30. Re8 b5 31. Rdxd8 Rxd8 32. Rxd8 Bf3 33. Bd5 Be2 34. Rd7+ Kf6 35. Rxa7 Ke5 36. Bg2 Bd3 37. a4 bxa4 38. Rxa4 h5 39. f4+ gxf4 40. Rxf4 c4 41. h4 Ke6 42. Kf2 1-0

[Event "Titled Tuesday intern op 02nd May Late"]
[Site "Chess.com INT"]
[Date "2023.05.02"]
[Round "5"]
[White "Nazaretyan, Tigran"]
[Black "Toktomushev, Teimur"]
[Result "0-1"]
[WhiteElo "2316"]
[BlackElo "2239"]
[PlyCount "104"]
[EventDate "2023.05.02"]
[EventType "swiss (blitz)"]
[EventRounds "11"]
[EventCountry "USA"]
[SourceTitle "EXT 2024"]
[Source "ChessBase"]
[SourceDate "2023.10.10"]
[SourceVersion "1"]
[SourceVersionDate "2023.10.10"]
[SourceQuality "1"]

1. d4 d5 2. c4 e6 3. Nf3 Nf6 4. Nc3 Be7 5. Bf4 0-0 6. e3 b6 7. Bd3 Bb7 8. 0-0 c5 9. dxc5 Bxc5 10. Qe2 Nbd7 11. Rfd1 h6 12. a3 Re8 13. cxd5 Nxd5 14. Nxd5 Bxd5 15. e4 Bc6 16. b4 Bf8 17. Bb5 Rc8 18. Ne5 Bxb5 19. Qxb5 Qf6 20. Rxd7 Qxf4 21. Nxf7 Qxe4 22. h3 Qf5 23. Ne5 Rc2 24. Rf1 Rec8 25. Rf7 Qe4 26. Ng4 a6 27. Qd7 R2c7 28. Qxc7 Rxc7 29. Rxc7 Qd3 30. a4 Qb3 31. b5 axb5 32. axb5 Qxb5 33. Rd1 Bc5 34. Rd8+ Kh7 35. Rdd7 Qb1+ 36. Kh2 Qg6 37. Ne5 Qg5 38. Nf3 Qf4+ 39. Kh1 Qc1+ 40. Kh2 Bd6+ 41. Rxd6 Qxc7 42. g3 Qxd6 43. Kg2 Qc6 44. g4 b5 45. Kg3 b4 46. Ne5 Qc7 47. f4 b3 48. Kh4 b2 49. Kh5 b1Q 50. Ng6 Qxg6+ 51. Kh4 Qc1 52. f5 Qe1# 0-1

[Event "Titled Tuesday intern op 14th Mar Late"]
[Site "Chess.com INT"]
[Date "2023.03.14"]
[Round "2"]
[White "Harris, Ian"]
[Black "Nazaretyan, Tigran"]
[Result "0-1"]
[WhiteElo "2145"]
[BlackElo "2316"]
[PlyCount "52"]
[EventDate "2023.03.14"]
[EventType "swiss (blitz)"]
[EventRounds "11"]
[EventCountry "USA"]
[SourceTitle "EXT 2024"]
[Source "ChessBase"]
[SourceDate "2023.10.10"]
[SourceVersion "1"]
[SourceVersionDate "2023.10.10"]
[SourceQuality "1"]

1. d4 Nf6 2. Bg5 d5 3. e3 Nbd7 4. Nd2 g6 5. Bd3 Bg7 6. Ngf3 0-0 7. c3 c5 8. 0-0 Qc7 9. Re1 e5 10. dxe5 Nxe5 11. Nxe5 Qxe5 12. Nf3 Qe6 13. Qc2 Re8 14. e4 Nxe4 15. Nd2 Qf5 16. Bh4 Qh5 17. Bxe4 dxe4 18. Bg3 f5 19. Qb3+ Kh8 20. Nc4 Be6 21. Qb5 a6 22. Qxc5 Rac8 23. Bc7 Qg5 24. Nd6 Qe7 25. Qb6 Rxc7 26. Nxe8 Rc6 0-1

[Event "Titled Tuesday intern op 14th Mar Late"]
[Site "Chess.com INT"]
[Date "2023.03.14"]
[Round "5"]
[White "Kohler, Aran"]
[Black "Nazaretyan, Tigran"]
[Result "0-1"]
[WhiteElo "2010"]
[BlackElo "2316"]
[PlyCount "60"]
[EventDate "2023.03.14"]
[EventType "swiss (blitz)"]
[EventRounds "11"]
[EventCountry "USA"]
[SourceTitle "EXT 2024"]
[Source "ChessBase"]
[SourceDate "2023.10.10"]
[SourceVersion "1"]
[SourceVersionDate "2023.10.10"]
[SourceQuality "1"]

1. Nf3 Nf6 2. d4 g6 3. Bg5 Bg7 4. Nbd2 d5 5. e3 0-0 6. Bd3 c5 7. c3 Nc6 8. h4 h6 9. h5 hxg5 10. hxg6 g4 11. Ng5 fxg6 12. Bxg6 e5 13. Qc2 e4 14. 0-0-0 cxd4 15. Ndxe4 d3 16. Rxd3 Ne5 17. Nxf6+ Bxf6 18. Rxd5 Qxd5 19. Be4 Qxa2 20. Bd5+ Rf7 21. Bxa2 Bxg5 22. Qh7+ Kf8 23. Bxf7 Nxf7 24. Qg6 Bd7 25. Rh7 Be8 26. Rxf7+ Bxf7 27. Qxg5 Be6 28. Qxg4 Bxg4 29. f3 Be6 30. e4 Ke7 0-1

[Event "Titled Tuesday intern op 14th Mar Late"]
[Site "Chess.com INT"]
[Date "2023.03.14"]
[Round "11"]
[White "Nazaretyan, Tigran"]
[Black "Ashraf, Artin"]
[Result "0-1"]
[WhiteElo "2316"]
[BlackElo "2314"]
[PlyCount "72"]
[EventDate "2023.03.14"]
[EventType "swiss (blitz)"]
[EventRounds "11"]
[EventCountry "USA"]
[SourceTitle "EXT 2024"]
[Source "ChessBase"]
[SourceDate "2023.10.10"]
[SourceVersion "1"]
[SourceVersionDate "2023.10.10"]
[SourceQuality "1"]

1. d4 Nf6 2. c4 b6 3. Nf3 Bb7 4. Nc3 e6 5. a3 d5 6. cxd5 exd5 7. Bf4 a6 8. g3 Bd6 9. Ne5 Nbd7 10. Bh3 Qe7 11. Nd3 0-0 12. 0-0 Rfe8 13. Rc1 h6 14. Bg2 Qe6 15. e3 Rac8 16. b4 Bf8 17. Ne5 g5 18. Nxd7 Nxd7 19. Nxd5 Bxd5 20. Bxc7 Bxg2 21. Kxg2 Qd5+ 22. Qf3 Re4 23. h3 f5 24. Kg1 Rxd4 25. Qh5 Rd2 26. Qg6+ Kh8 27. Bxb6 Rxc1 28. Rxc1 Ne5 29. Qf6+ Kg8 30. e4 Nf3+ 31. Kg2 Qxe4 32. Qg6+ Kh8 33. Qf6+ Bg7 34. Rc8+ Kh7 35. Qe6 Nh4+ 36. Kf1 Qh1# 0-1

[Event "RUS-ch Rapid"]
[Site "Sochi"]
[Date "2022.10.15"]
[Round "3"]
[White "Dzhumagaliev, Yan"]
[Black "Nazaretyan, Tigran"]
[Result "1-0"]
[WhiteElo "2411"]
[BlackElo "2316"]
[PlyCount "105"]
[EventDate "2022.10.15"]
[EventType "swiss (rapid)"]
[EventRounds "11"]
[EventCountry "RUS"]
[SourceTitle "CBM 210 Extra"]
[Source "ChessBase"]
[SourceDate "2022.11.30"]
[SourceVersion "1"]
[SourceVersionDate "2022.11.30"]
[SourceQuality "1"]

1. d4 Nf6 2. Nf3 d6 3. g3 Nbd7 4. Bg2 e5 5. 0-0 c6 6. c4 Be7 7. Nc3 e4 8. Ne1 d5 9. Nc2 Nb6 10. c5 Nbd7 11. b4 a6 12. a4 h5 13. Rb1 h4 14. b5 Nf8 15. bxc6 bxc6 16. Rb6 Bd7 17. Nb4 Qc8 18. a5 Ne6 19. Na4 Nd8 20. Bf4 Bh3 21. Bh1 hxg3 22. fxg3 Bxf1 23. Qxf1 Ng4 24. h3 g5 25. hxg4 gxf4 26. Qxf4 Rg8 27. Bg2 Rxg4 28. Qe5 Rg8 29. Nc3 Kf8 30. Kh2 f6 31. Qh5 Kg7 32. Bh3 Qc7 33. Ncxd5 cxd5 34. Nxd5 Qa7 35. Qg4+ Kf8 36. Qxe4 Rh8 37. Kg2 Nf7 38. Qg6 Rxh3 39. Nf4 Ng5 40. Rxf6+ Bxf6 41. Qxf6+ Qf7 42. Qxg5 Rh7 43. Ng6+ Ke8 44. d5 Rg7 45. Qe5+ Kd8 46. Nf4 Rg6 47. c6 Rc8 48. Nxg6 Qxg6 49. d6 Rxc6 50. Qe7+ Kc8 51. d7+ Kb8 52. d8Q+ Rc8 53. Qb6+ 1-0

[Event "Titled Tuesday intern op 13th Sep Late"]
[Site "Chess.com INT"]
[Date "2022.09.13"]
[Round "2"]
[White "Escartin Lacasa, Jose"]
[Black "Nazaretyan, Tigran"]
[Result "1-0"]
[WhiteElo "2277"]
[BlackElo "2316"]
[PlyCount "129"]
[EventDate "2022.09.13"]
[EventType "swiss (blitz)"]
[EventRounds "11"]
[EventCountry "USA"]
[SourceTitle "EXT 2023"]
[Source "ChessBase"]
[SourceDate "2022.10.05"]
[SourceVersion "1"]
[SourceVersionDate "2022.10.05"]
[SourceQuality "1"]

1. d4 Nf6 2. Nf3 g6 3. c4 Bg7 4. Nc3 0-0 5. e4 d6 6. Be3 Na6 7. Be2 c5 8. 0-0 Bg4 9. h3 Bxf3 10. Bxf3 cxd4 11. Bxd4 Nc5 12. e5 Nfd7 13. exd6 exd6 14. Bxg7 Kxg7 15. Qxd6 Qf6 16. Rad1 Rac8 17. Bg4 Rc6 18. Qd4 Qxd4 19. Rxd4 Nf6 20. Re1 Nxg4 21. hxg4 Rfc8 22. b3 h6 23. g3 a6 24. Kg2 Ne6 25. Rd7 R8c7 26. Rxc7 Rxc7 27. Nd5 Rc5 28. f4 b5 29. Ne3 b4 30. Nd5 a5 31. Rd1 Nc7 32. Kf3 f6 33. Ke4 Kf7 34. f5 g5 35. Kd4 Rc6 36. Re1 Nxd5 37. Kxd5 Rc8 38. Re6 Ra8 39. c5 a4 40. bxa4 Rxa4 41. Rb6 Rxa2 42. Rxb4 Rd2+ 43. Kc6 Rd3 44. Kb7 Rxg3 45. c6 h5 46. gxh5 g4 47. c7 Rc3 48. Rxg4 Rb3+ 49. Kc8 Rb5 50. h6 Rxf5 51. Kb7 Rb5+ 52. Kc6 Rb1 53. c8Q Rc1+ 54. Kb7 Rxc8 55. Kxc8 f5 56. Rg7+ Kf6 57. Kd7 f4 58. Kd6 f3 59. Rg3 f2 60. Rf3+ Kg6 61. Rxf2 Kxh6 62. Ke5 Kg5 63. Rg2+ Kh4 64. Kf4 Kh3 65. Rf2 1-0

[Event "Titled Tuesday intern op 13th Sep Late"]
[Site "Chess.com INT"]
[Date "2022.09.13"]
[Round "8"]
[White "Nazaretyan, Tigran"]
[Black "Melikyan, Gnel"]
[Result "1/2-1/2"]
[WhiteElo "2316"]
[BlackElo "2238"]
[PlyCount "156"]
[EventDate "2022.09.13"]
[EventType "swiss (blitz)"]
[EventRounds "11"]
[EventCountry "USA"]
[SourceTitle "EXT 2023"]
[Source "ChessBase"]
[SourceDate "2022.10.05"]
[SourceVersion "1"]
[SourceVersionDate "2022.10.05"]
[SourceQuality "1"]

1. d4 d6 2. Nf3 Nf6 3. c4 Nbd7 4. Nc3 e5 5. e4 Be7 6. Be2 0-0 7. 0-0 Re8 8. Re1 h6 9. Bf1 Bf8 10. h3 c6 11. d5 cxd5 12. cxd5 a6 13. Be3 b5 14. Nd2 Bb7 15. b4 Rc8 16. Qb3 Nb6 17. a4 Rxc3 18. Qxc3 Nxa4 19. Qa3 Nh5 20. g3 g6 21. Nc4 f5 22. Na5 Ba8 23. exf5 gxf5 24. Nc6 Qf6 25. Bd2 Qg6 26. Bg2 Bg7 27. Rac1 Kh7 28. Qe3 f4 29. Qe4 fxg3 30. Qxg6+ Kxg6 31. Be4+ Kf7 32. Rf1 g2 33. Kxg2 Nb2 34. Na5 Nf6 35. Rc7+ Re7 36. Bg6+ Kxg6 37. Rxe7 Nxd5 38. Ra7 Ne3+ 39. Kg1 Nxf1 40. Kxf1 Be4 41. Rxa6 Bf8 42. Bc3 Nc4 43. Nxc4 bxc4 44. Bxe5 c3 45. Ke1 c2 46. Kd2 Kf5 47. Bxd6 Bg7 48. b5 Bb2 49. Rc6 Bxc6 50. Kxc2 Bxb5 51. Kxb2 h5 52. Bg3 Ke4 53. Kc3 Kf3 54. h4 Bd7 55. Kd4 Bg4 56. Ke5 Bh3 57. Kf6 Bg4 58. Kg5 Ke4 59. f4 Be6 60. Be1 Bd7 61. Bb4 Bc8 62. Be7 Bd7 63. Bd6 Bc8 64. Kxh5 Kf5 65. Kh6 Bb7 66. h5 Bf3 67. Be5 Bg4 68. Bd6 Bf3 69. Bc7 Bg4 70. Bb8 Bf3 71. Kg7 Bxh5 72. Kf8 Bf3 73. Ke7 Be4 74. Be5 Bf3 75. Bd6 Bg4 76. Be5 Bf3 77. Bd6 Bg4 78. Be5 Bf3 1/2-1/2

[Event "Titled Tuesday intern op 06th Sep Late"]
[Site "Chess.com INT"]
[Date "2022.09.06"]
[Round "2"]
[White "Maksimovic, Bojan"]
[Black "Nazaretyan, Tigran"]
[Result "1-0"]
[WhiteElo "2468"]
[BlackElo "2316"]
[PlyCount "89"]
[EventDate "2022.09.06"]
[EventType "swiss (blitz)"]
[EventRounds "11"]
[EventCountry "USA"]
[SourceTitle "EXT 2023"]
[Source "ChessBase"]
[SourceDate "2022.10.05"]
[SourceVersion "1"]
[SourceVersionDate "2022.10.05"]
[SourceQuality "1"]

1. e4 c5 2. Nf3 Nc6 3. Bb5 g6 4. 0-0 Bg7 5. c3 Nf6 6. Re1 0-0 7. d4 d5 8. e5 Ne4 9. Bxc6 bxc6 10. Be3 cxd4 11. cxd4 Qb6 12. Qc1 Rb8 13. Re2 Ba6 14. Rc2 Rfc8 15. Qd1 Qb5 16. b3 f6 17. Nc3 Qd3 18. exf6 Bxf6 19. Rac1 e6 20. Nxe4 Qxd1+ 21. Rxd1 dxe4 22. Ne5 Bxe5 23. dxe5 Bd3 24. Rc5 Rb5 25. Rdc1 a5 26. Rxc6 Rxc6 27. Rxc6 Bb1 28. a4 Rxb3 29. h4 Ba2 30. Ra6 Rb1+ 31. Kh2 Rb4 32. Rxa5 Bb3 33. Ra8+ Kf7 34. a5 Ra4 35. Ra7+ Kg8 36. Kg3 h5 37. Kf4 Bc4 38. Kg5 Bf1 39. g3 Kf8 40. Kxg6 Be2 41. Kf6 Bg4 42. a6 Ke8 43. Ra8+ Kd7 44. a7 Kc6 45. Rb8 1-0

[Event "Titled Tuesday intern op 06th Sep Late"]
[Site "Chess.com INT"]
[Date "2022.09.06"]
[Round "4"]
[White "Nazaretyan, Tigran"]
[Black "Harvey, Marcus Ross"]
[Result "0-1"]
[WhiteElo "2316"]
[BlackElo "2456"]
[PlyCount "112"]
[EventDate "2022.09.06"]
[EventType "swiss (blitz)"]
[EventRounds "11"]
[EventCountry "USA"]
[SourceTitle "EXT 2023"]
[Source "ChessBase"]
[SourceDate "2022.10.05"]
[SourceVersion "1"]
[SourceVersionDate "2022.10.05"]
[SourceQuality "1"]

1. d4 f5 2. Nf3 Nf6 3. g3 g6 4. Bg2 Bg7 5. 0-0 0-0 6. c4 d6 7. Nc3 c6 8. b3 Na6 9. Bb2 Ne4 10. e3 Nxc3 11. Bxc3 Nc5 12. Nd2 a5 13. Qc2 Na6 14. a3 e5 15. b4 exd4 16. exd4 axb4 17. axb4 Bd7 18. b5 Nc7 19. Rxa8 Qxa8 20. Bb4 Ne6 21. d5 Nd4 22. Qd3 c5 23. Bc3 Qa3 24. Nb1 Qb3 25. Bf3 Nxf3+ 26. Qxf3 Qxc4 27. Bxg7 Kxg7 28. Qc3+ Qxc3 29. Nxc3 Ra8 30. Rb1 Ra3 31. Ne2 b6 32. h4 Kf6 33. Nf4 Ra5 34. Re1 Rxb5 35. Ra1 Ra5 36. Rb1 b5 37. Kf1 b4 38. Ke2 h6 39. Kd3 g5 40. hxg5+ hxg5 41. Nh5+ Kg6 42. g4 fxg4 43. Ng3 Bf5+ 44. Nxf5 Kxf5 45. Kc4 Ra2 46. Re1 Rc2+ 47. Kd3 Rxf2 48. Re6 g3 49. Ke3 b3 50. Rxd6 b2 51. Rb6 c4 52. d6 Ke6 53. Rb5 c3 54. Rxg5 b1Q 55. Rg6+ Qxg6 56. Kd4 c2 0-1

[Event "Titled Tuesday intern op 06th Sep Late"]
[Site "Chess.com INT"]
[Date "2022.09.06"]
[Round "9"]
[White "Nazaretyan, Tigran"]
[Black "Ng, Gary"]
[Result "0-1"]
[WhiteElo "2316"]
[BlackElo "2241"]
[PlyCount "92"]
[EventDate "2022.09.06"]
[EventType "swiss (blitz)"]
[EventRounds "11"]
[EventCountry "USA"]
[SourceTitle "EXT 2023"]
[Source "ChessBase"]
[SourceDate "2022.10.05"]
[SourceVersion "1"]
[SourceVersionDate "2022.10.05"]
[SourceQuality "1"]

1. d4 Nf6 2. c4 e6 3. Nf3 b6 4. a3 Bb7 5. Nc3 d5 6. cxd5 exd5 7. e3 a6 8. b4 Bd6 9. Bb2 0-0 10. Bd3 Re8 11. 0-0 Nbd7 12. Rc1 Nf8 13. Ne2 Ne4 14. Ng3 Ng6 15. Qc2 Nxg3 16. hxg3 a5 17. b5 Qf6 18. a4 Re7 19. Qb3 h5 20. Ba3 Rd8 21. Bxd6 Rxd6 22. Rc3 Rdd7 23. Rfc1 Qd6 24. Qa3 Qxa3 25. Rxa3 Kf8 26. Rac3 Ke8 27. Bxg6 fxg6 28. Ne5 Kd8 29. Nxd7 Rxd7 30. Kf1 Rf7 31. Ke2 Bc8 32. Rc6 Bf5 33. f3 Re7 34. Kf2 Rf7 35. Rh1 Re7 36. g4 hxg4 37. fxg4 Bxg4 38. Rxg6 Rf7+ 39. Kg3 Bf5 40. Rh8+ Kd7 41. Rc6 Be4 42. Rb8 Re7 43. Rb7 Kc8 44. Ra7 Kb8 45. Ra6 Kb7 46. Rg6 Bxg6 0-1

[Event "Titled Tuesday intern op 30th Aug Early"]
[Site "Chess.com INT"]
[Date "2022.08.30"]
[Round "1"]
[White "Acosta Cruz, Oscar Yosimar"]
[Black "Nazaretyan, Tigran"]
[Result "1-0"]
[WhiteElo "2098"]
[BlackElo "2316"]
[PlyCount "139"]
[EventDate "2022.08.30"]
[EventType "swiss (blitz)"]
[EventRounds "11"]
[EventCountry "USA"]
[SourceTitle "EXT 2023"]
[Source "ChessBase"]
[SourceDate "2022.10.05"]
[SourceVersion "1"]
[SourceVersionDate "2022.10.05"]
[SourceQuality "1"]

1. Nf3 Nf6 2. b3 g6 3. Bb2 Bg7 4. d4 0-0 5. e3 c5 6. Be2 d5 7. 0-0 Ne4 8. Nbd2 Nc6 9. c4 e6 10. cxd5 exd5 11. Rc1 Be6 12. Ba3 Qc8 13. dxc5 Nc3 14. Qe1 Nxa2 15. Rc2 Ncb4 16. Bxb4 Nxb4 17. Rc1 Bb2 18. Rb1 Bc3 19. Nd4 Qxc5 20. Qc1 Bxd4 21. exd4 Qxd4 22. Nf3 Qg7 23. Qc7 Rab8 24. Qa5 Nc6 25. Qc5 d4 26. b4 Rfd8 27. Bd3 Rd5 28. Qc2 Rc8 29. Qd2 Ne5 30. Nxe5 Qxe5 31. Rfe1 Qg5 32. f4 Qf6 33. Be4 Rd7 34. Bf3 Rc3 35. Re5 b6 36. b5 h5 37. Ra1 Kg7 38. Bc6 Rd6 39. Rxa7 Bb3 40. Rae7 Rc2 41. Qb4 Rc1+ 42. Re1 Qf5 43. Qxd6 Rxe1+ 44. Rxe1 d3 45. Qe5+ Qxe5 46. fxe5 d2 47. Rf1 d1Q 48. Rxd1 Bxd1 49. Kf2 g5 50. Ke3 Bc2 51. g3 Kg6 52. Kd4 Kf5 53. Bd7+ Kg6 54. Kd5 Bd1 55. Kd6 Bf3 56. Kc7 f5 57. e6 Kf6 58. Kd8 h4 59. e7 Bh5 60. e8Q Bxe8 61. Bxe8 h3 62. Bc6 Ke5 63. Kc7 g4 64. Kxb6 f4 65. gxf4+ Kxf4 66. Kc5 Ke3 67. b6 Kf2 68. b7 Kg1 69. b8Q g3 70. Qxg3+ 1-0

[Event "Titled Tuesday intern op 30th Aug Early"]
[Site "Chess.com INT"]
[Date "2022.08.30"]
[Round "8"]
[White "David, Bogdan Emanuel"]
[Black "Nazaretyan, Tigran"]
[Result "1-0"]
[WhiteElo "2106"]
[BlackElo "2316"]
[PlyCount "155"]
[EventDate "2022.08.30"]
[EventType "swiss (blitz)"]
[EventRounds "11"]
[EventCountry "USA"]
[SourceTitle "EXT 2023"]
[Source "ChessBase"]
[SourceDate "2022.10.05"]
[SourceVersion "1"]
[SourceVersionDate "2022.10.05"]
[SourceQuality "1"]

1. e4 c5 2. Nc3 Nc6 3. Bb5 Nd4 4. Nf3 a6 5. Bd3 Nc6 6. 0-0 d6 7. Re1 e5 8. b3 Be7 9. Nd5 Nf6 10. c3 0-0 11. Bc2 Bg4 12. h3 Bh5 13. Qe2 Qd7 14. Nb6 Qe6 15. Nxa8 Rxa8 16. Qe3 h6 17. Bb2 Rc8 18. Rac1 Bd8 19. Bb1 b5 20. d4 cxd4 21. cxd4 Bb6 22. Qd3 Bxf3 23. d5 Bxe4 24. dxe6 Bxd3 25. exf7+ Kxf7 26. Bxd3 Ke6 27. Kf1 Bc5 28. f4 Rf8 29. g3 Nd5 30. Be4 exf4 31. gxf4 Rxf4+ 32. Kg2 Ne3+ 33. Rxe3 Bxe3 34. Bxc6 Rf2+ 35. Kg3 Bxc1 36. Kxf2 Bxb2 37. Bb7 a5 38. a4 b4 39. Ke3 Ke5 40. Kd3 d5 41. Bc8 h5 42. Bd7 Bc1 43. Be8 h4 44. Bd7 g5 45. Bg4 Bb2 46. Bc8 Bc3 47. Bg4 Kf4 48. Bc8 Kg3 49. Bg4 Kf2 50. Be6 Ke1 51. Bxd5 g4 52. hxg4 h3 53. g5 Kf2 54. Kc4 h2 55. Kb5 Ke3 56. Kxa5 Kf4 57. g6 Ke5 58. Bg2 Kf5 59. Kb6 Kxg6 60. a5 Kg5 61. a6 Kf4 62. a7 Bd4+ 63. Ka6 Bxa7 64. Kxa7 Ke3 65. Kb6 Kd3 66. Kb5 Kc3 67. Ka4 Kd4 68. Kxb4 Ke3 69. Ka5 Kf2 70. Bc6 Ke3 71. b4 Kd4 72. b5 Kc5 73. Bh1 Kd6 74. Kb6 Kd7 75. Kb7 Kd6 76. b6 Kc5 77. Kc7 Kd4 78. b7 1-0

[Event "Titled Tuesday intern op 23rd Aug Late"]
[Site "Chess.com INT"]
[Date "2022.08.23"]
[Round "2"]
[White "Harvey, Marcus Ross"]
[Black "Nazaretyan, Tigran"]
[Result "0-1"]
[WhiteElo "2456"]
[BlackElo "2316"]
[PlyCount "58"]
[EventDate "2022.08.23"]
[EventType "swiss (blitz)"]
[EventRounds "11"]
[EventCountry "USA"]
[SourceTitle "EXT 2023"]
[Source "ChessBase"]
[SourceDate "2022.10.05"]
[SourceVersion "1"]
[SourceVersionDate "2022.10.05"]
[SourceQuality "1"]

1. d4 Nf6 2. Nf3 g6 3. Nc3 d5 4. Bf4 Bg7 5. e3 0-0 6. h3 c5 7. dxc5 Qa5 8. Qd2 Nc6 9. Rd1 Rd8 10. Nb5 Qxa2 11. Bd3 Qxb2 12. 0-0 Ne4 13. Bxe4 Qxb5 14. Bxd5 Qxc5 15. Bxc6 Rxd2 16. Rxd2 bxc6 17. Rd8+ Bf8 18. Bh6 Bb7 19. Rfd1 Qb6 20. Rxa8 Bxa8 21. Bxf8 Kxf8 22. Ne5 Kg7 23. Rd7 Qc5 24. Nf3 a5 25. Nd4 a4 26. Rd8 Bb7 27. Rb8 Ba6 28. Kh2 a3 29. Rb3 a2 0-1